| 000 | 00395cam a2200157ua 4500 | ||
|---|---|---|---|
| 041 |
_amal _h |
||
| 082 |
_a894.812301 _bSAR/IT |
||
| 100 | _aSaraswathi Amma, K . | ||
| 245 |
_aItivettuthailam / _cK Saraswathi Amma. _hTextual Documents |
||
| 250 |
_a1 / _b. |
||
| 260 |
_aKottayam : _bNational Book Stall , _c1958. |
||
| 300 | _a115 ; . | ||
| 504 | _a | ||
| 942 | _cBK | ||
| 999 |
_c11510 _d11510 |
||